Beginner's grammar of the Greek New Testament / (Record no. 48355)
[ view plain ]
| 000 -LEADER | |
|---|---|
| fixed length control field | 00765cam a2200277Ia 4500 |
| 001 - CONTROL NUMBER | |
| control field | 3591629 |
| 003 - CONTROL NUMBER IDENTIFIER | |
| control field | SIRSI |
| 005 - DATE AND TIME OF LATEST TRANSACTION | |
| control field | 20191015082125.0 |
| 008 - FIXED-LENGTH DATA ELEMENTS--GENERAL INFORMATION | |
| fixed length control field | 780131s1923 nyu 001 0 eng d |
| 035 ## - SYSTEM CONTROL NUMBER | |
| System control number | (Sirsi) o03591629 |
| 036 ## - ORIGINAL STUDY NUMBER FOR COMPUTER DATA FILES | |
| Original study number | u359243 |
| 040 ## - CATALOGING SOURCE | |
| Original cataloging agency | TLM |
| Transcribing agency | TLM |
| Modifying agency | KAT |
| -- | OCLCQ |
| 041 0# - LANGUAGE CODE | |
| Language code of text/sound track or separate title | enggre |
| 049 ## - LOCAL HOLDINGS (OCLC) | |
| Holding library | TSWB |
| 100 1# - MAIN ENTRY--PERSONAL NAME | |
| Personal name | Davis, W. Hersey |
| Fuller form of name | (William Hersey), |
| Dates associated with a name | 1887-1950. |
| 245 10 - TITLE STATEMENT | |
| Title | Beginner's grammar of the Greek New Testament / |
| Statement of responsibility, etc | by William Hersey Davis. |
| 260 ## - PUBLICATION, DISTRIBUTION, ETC. (IMPRINT) | |
| Place of publication, distribution, etc | New York : |
| Name of publisher, distributor, etc | Harper, |
| Date of publication, distribution, etc | c1923. |
| 300 ## - PHYSICAL DESCRIPTION | |
| Extent | 269 pages ; |
| Dimensions | 20 cm. |
| 336 ## - CONTENT TYPE | |
| Content Type Term | text |
| 337 ## - MEDIA TYPE | |
| Media Type Term | unmediated |
| 338 ## - CARRIER TYPE | |
| Carrier Type Term | volume |
| 500 ## - GENERAL NOTE | |
| General note | Includes indexes. |
| 650 #0 - SUBJECT ADDED ENTRY--TOPICAL TERM | |
| Topical term or geographic name as entry element | Greek language, Biblical |
| General subdivision | Grammar. |
| 740 0# - ADDED ENTRY--UNCONTROLLED RELATED/ANALYTICAL TITLE | |
| Uncontrolled related/analytical title | Greek New Testament. |
| 942 ## - ADDED ENTRY ELEMENTS (KOHA) | |
| Source of classification or shelving scheme | Library of Congress Classification |
| Item type | Books |
| Withdrawn status | Lost status | Source of classification or shelving scheme | Damaged status | Not for loan | Home library | Current library | Shelving location | Date acquired | Inventory number | Total Checkouts | Full call number | Barcode | Date last seen | Price effective from | Koha item type |
|---|---|---|---|---|---|---|---|---|---|---|---|---|---|---|---|
| Library of Congress Classification | BSOP Library | BSOP Library | GC | 10/15/2019 | 9917 | PA817 D29 | 00020023 | 10/15/2019 | 10/15/2019 | Books | |||||
| Library of Congress Classification | BSOP Library | BSOP Library | GC | 10/15/2019 | 5125 | PA817 D29 c.2 | 00020022 | 10/15/2019 | 10/15/2019 | Books |
